000 00613nam a2200205Ia 4500
005 20250923145115.0
008 008 250917s9999 xx 000 0 eng d
037 _aTextual
040 _aDSWL
_beng
_cDSWL
041 _aeng
_2eng
084 _aY86.73'N6<-M74, N66
_qDSWL
100 _aNordhoff, Charles
_9831860
245 0 _aCommunistic societies of the United State
_cby Charles Nordhoff
260 _aNew York
_b Dover Publications
_c1966
300 _al,599 p.
365 _aUSD
_b2
925 _g2
942 _cTEXL
_hY86.73'N6<-M74, N66
999 _c1447188
_d1447188